Bezpečnosť a ochrana zdravia pri práci ako významný faktor riadenia ľudských zdrojov podniku

Pracovná úrazovosť zamestnancov, vývoj pracovných úrazov za posledných 20 rokov. Počty závažných pracovných úrazov podľa odvetvovej klasifikácie ekonomických činností. Analýza príčin pracovných úrazov.

Gespeichert in:
Bibliographische Detailangaben
1. Verfasser: Matkovčíková, Natália, 1982-
Format: Buchkapitel
Sprache:Slowakisch
Schlagworte:
Tags: Tag hinzufügen
Keine Tags, Fügen Sie das erste Tag hinzu!

MARC

LEADER 00000nla a2200000 4500
001 0193184
005 20240502083448.2
041 0 |a slo 
044 |a CZ 
245 1 0 |a Bezpečnosť a ochrana zdravia pri práci ako významný faktor riadenia ľudských zdrojov podniku  |c Natália Matkovčíková 
520 |a Pracovná úrazovosť zamestnancov, vývoj pracovných úrazov za posledných 20 rokov. Počty závažných pracovných úrazov podľa odvetvovej klasifikácie ekonomických činností. Analýza príčin pracovných úrazov. 
610 2 0 |a bezpečnosť práce 
610 2 0 |a ochrana zdravia 
610 2 0 |a úrazy pracovné 
100 1 |a Matkovčíková, Natália, 1982-